000 01039cam a2200337 a 4500
001 98209
005 20230410103902.0
008 091002s2009 fr b b 000 0 fre c
035 _a(OCoLC)ocn451096625
040 _aTZT
_cTZT
_dCGU
020 _a9782200244569
020 _a2200244568
029 0 _aTZT
_bJTL00257446
035 _a(OCoLC)451096625
050 1 4 _a416 DS 126.5
_bE56g 2009
049 _aGRAL
100 1 _aEncel, Frédéric.
245 1 0 _aGéopolitique du sionisme :
_bstratégies d'Israèl /
_cFrédéric Encel.
250 _a2a éd.
260 _aParis :
_bA. Colin,
_c2009.
300 _avii, 335 p. :
_bmaps ;
_c21 cm.
490 1 _aPerspectives géopolitiques
650 0 _aGeopolitics
_zIsrael
_xHistory.
650 0 _aZionism
_xHistory.
651 0 _aIsrael
_xPolitics and government.
653 _aGeopolitics
_aIsrael
_aSionism
830 0 _aCollection Perspectives géopolitiques.
938 _aJean Touzot Libraire Editeur
_bTOUZ
_nJTL00257446
_c27,40 EUR
942 _2lcc
_cbk
994 _aC0
_bDRFGD
999 _c27740
_d27740